000 00632nam a22002297a 4500
001 42543
003 BD-RjUL
005 20211209053545.0
008 160613s1885 enk||||| |||| 001 0 eng d
035 _a(BD-RjUL)42661
040 _aBD-RjUL
_beng
_cBD-RjUL
041 _aeng
082 _223
_a330
_bLIN 1885
100 _aList, Friedrich
_9130829
245 _aThe national system of political economy /
_cFriedrich List
260 _aLondon :
_bLongmans,
_c1885
300 _axxv, 454 p. ;
_c22 cm.
500 _aIndex present
650 _aEconomics
_9130830
650 _aProtectionism
_9131277
942 _2ddc
_cBK
999 _c42543
_d42543